000 00383nam a2200133Ia 4500
008 151001s9999||||xx |||||||||||||| ||und||
100 _aपद्मा कुलकर्णी
245 _aस्वप्नसंदेश
250 _a1
260 _bराजेंद्र प्रकाशन ठाणे
260 _c1988
300 _a228
365 _b18
999 _c969427
_d969424